[Event "BCF-ch 92nd"]
[Site "Douglas IOM"]
[Date "2005.08.11"]
[Round "10.19"]
[White "Surtees, Mike"]
[Black "Waters, Michael"]
[Result "1-0"]
[WhiteElo "2142"]
[BlackElo "2125"]
[PlyCount "131"]
[EventDate "2005.08.01"]

1. e4 e5 2. a3 Nf6 3. d3 Nc6 4. c4 a5 5. Be3 d6 6. h3 Be7 7. Ne2 O-O 8. g3 Ne8
9. Bg2 f5 10. O-O Bg5 11. f4 exf4 12. gxf4 Bh6 13. Nbc3 Be6 14. Nd5 Ne7 15. Nd4
Bd7 16. Qb3 Nxd5 17. cxd5 Kh8 18. Ne6 Bxe6 19. dxe6 a4 20. Qc4 c6 21. Rae1 Qe7
22. e5 Ra5 23. exd6 Qxd6 24. Bd2 Rb5 25. Bb4 Rxb4 26. Qxb4 Qxb4 27. axb4 Nc7
28. Re5 g6 29. e7 Re8 30. Rfe1 Kg8 31. Ra5 Bxf4 32. Ra7 Bd2 33. Re2 Bxb4 34.
Rxb7 Bc5+ 35. Kf1 Nd5 36. Bxd5+ cxd5 37. Re5 a3 38. bxa3 Bxa3 39. Rxd5 Rxe7 40.
Rdd7 Kf7 41. d4 Kf6 42. Rxe7 Bxe7 43. Ke2 Ke6 44. Kd3 h5 45. d5+ Kd6 46. Kc4 g5
47. Rb6+ Kd7 48. Rh6 h4 49. Rg6 g4 50. hxg4 fxg4 51. Rxg4 Kd6 52. Rg6+ Kd7 53.
Rh6 Bg5 54. Rh5 Bf6 55. Rh7+ Be7 56. Kd4 Kd6 57. Rh6+ Kd7 58. Ke5 Bg5 59. Rh7+
Kc8 60. Ke6 Bd8 61. Kd6 Bf6 62. Kc6 Kd8 63. d6 Kc8 64. Rf7 Bd8 65. d7+ Kb8 66.
Rf8 1-0

[Event "BCF-ch 92nd"]
[Site "Douglas IOM"]
[Date "2005.08.11"]
[Round "10.20"]
[White "Fraser, Joseph"]
[Black "Poobalasingam, Peter"]
[Result "1/2-1/2"]
[WhiteElo "1959"]
[BlackElo "2067"]
[PlyCount "20"]
[EventDate "2005.08.01"]

1. e4 e6 2. d4 c5 3. Nf3 cxd4 4. Nxd4 Nc6 5. Nc3 Bb4 6. Ndb5 Nf6 7. a3 Bxc3+ 8.
Nxc3 O-O 9. Qd6 Ne8 10. Qd1 b6 1/2-1/2

[Event "BCF-ch 92nd"]
[Site "Douglas IOM"]
[Date "2005.08.11"]
[Round "10.21"]
[White "Ilett, Raymond"]
[Black "Bonafont, Philip"]
[Result "0-1"]
[WhiteElo "1824"]
[BlackElo "2116"]
[PlyCount "60"]
[EventDate "2005.08.01"]

1. d4 Nf6 2. c4 e6 3. Nc3 Bb4 4. Bg5 c5 5. d5 h6 6. Bh4 Bxc3+ 7. bxc3 d6 8. e3
e5 9. Bd3 e4 10. Bc2 O-O 11. Qb1 Qe7 12. Bxf6 Qxf6 13. Ne2 Bg4 14. Bxe4 Bxe2
15. Kxe2 Nd7 16. Rc1 Ne5 17. Bd3 Qh4 18. h3 Nxc4 19. g3 Qh5+ 20. g4 Qxd5 21.
Rd1 Qe6 22. Be4 Nb6 23. Bxb7 Rab8 24. Qe4 Qf6 25. Rd3 c4 26. Rd4 Na4 27. Qc2
Rxb7 28. Qxa4 Rb2+ 29. Kd1 Qxf2 30. Qxc4 Qg1+ 0-1

[Event "BCF-ch 92nd"]
[Site "Douglas IOM"]
[Date "2005.08.11"]
[Round "10.23"]
[White "Humphreys, Jerry"]
[Black "Varnam, Liam"]
[Result "1/2-1/2"]
[WhiteElo "2115"]
[BlackElo "2088"]
[PlyCount "66"]
[EventDate "2005.08.01"]

1. c4 e5 2. Nc3 Nf6 3. g3 d6 4. Bg2 Be7 5. d3 O-O 6. e4 c6 7. Nge2 a5 8. O-O
Na6 9. Kh1 Nc7 10. f4 b5 11. cxb5 cxb5 12. Be3 b4 13. Na4 Bb7 14. Rc1 Nb5 15.
Nb6 Ra6 16. Nc4 exf4 17. Nxf4 Qd7 18. a4 bxa3 19. bxa3 d5 20. Nb6 Qd8 21. Nbxd5
Nxd5 22. Nxd5 Bxa3 23. Rb1 Bxd5 24. Rxb5 Be6 25. Qc2 Qd7 26. Rfb1 Bb4 27. Rb6
Rxb6 28. Bxb6 Rc8 29. Qe2 Qc6 30. Bg1 Qc3 31. d4 Bc4 32. Qg4 Be6 33. Qe2 Bc4
1/2-1/2

[Event "BCF-ch 92nd"]
[Site "Douglas IOM"]
[Date "2005.08.12"]
[Round "11.1"]
[White "Rowson, Jonathan"]
[Black "Emms, John"]
[Result "1/2-1/2"]
[WhiteElo "2599"]
[BlackElo "2509"]
[PlyCount "28"]
[EventDate "2005.08.01"]

1. d4 Nf6 2. c4 e6 3. Nc3 Bb4 4. Qc2 O-O 5. a3 Bxc3+ 6. Qxc3 b6 7. Bg5 d6 8.
Qf3 c6 9. e3 Bb7 10. Bxf6 Qxf6 11. Qxf6 gxf6 12. Ne2 Nd7 13. Nc3 Rfd8 14. Ne4
d5 1/2-1/2

[Event "BCF-ch 92nd"]
[Site "Douglas IOM"]
[Date "2005.08.12"]
[Round "11.2"]
[White "Gordon, Stephen"]
[Black "Haslinger, Stewart"]
[Result "0-1"]
[WhiteElo "2390"]
[BlackElo "2412"]
[PlyCount "94"]
[EventDate "2005.08.01"]

1. c4 c6 2. d4 d5 3. Nc3 Nf6 4. e3 a6 5. Qc2 e6 6. Nf3 c5 7. dxc5 Bxc5 8. a3
dxc4 9. Bxc4 b5 10. Bd3 Nbd7 11. Ne4 Be7 12. Qc6 Nxe4 13. Qxa8 Nec5 14. Be4 f5
15. Bc6 O-O 16. b4 Nb3 17. Rb1 Nxc1 18. Bxb5 Qb6 19. Qc6 Nd3+ 20. Ke2 Nxf2 21.
Kxf2 axb5 22. Qxb6 Nxb6 23. Rhc1 Nc4 24. a4 Bb7 25. axb5 Bd5 26. Ra1 Rb8 27.
Nd4 Bf6 28. Ra7 Nxe3 29. Nc6 Rxb5 30. Ne5 Ng4+ 31. Ke1 h6 32. Nd7 Rb7 33. Rxb7
Bxb7 34. h3 Bh4+ 35. Ke2 Nf6 36. Ne5 Ba6+ 37. Kd1 Nd5 38. Rc6 Bb5 39. Rxe6 Nxb4
40. Rb6 Nd5 41. Rb8+ Kh7 42. Kd2 Bf1 43. Nd7 Be7 44. Nf8+ Bxf8 45. Rxf8 Kg6 46.
g4 Bxh3 47. Rxf5 Nf6 0-1

[Event "BCF-ch 92nd"]
[Site "Douglas IOM"]
[Date "2005.08.12"]
[Round "11.3"]
[White "Littlewood, Paul"]
[Black "Conquest, Stuart"]
[Result "0-1"]
[WhiteElo "2355"]
[BlackElo "2503"]
[PlyCount "196"]
[EventDate "2005.08.01"]

1. d4 c5 2. d5 g6 3. e4 Bg7 4. f4 d6 5. Nf3 Nf6 6. Nc3 O-O 7. e5 dxe5 8. fxe5
Ng4 9. Qe2 Nd7 10. Bf4 Qc7 11. Nb5 Qa5+ 12. c3 c4 13. Na3 Qxd5 14. Rd1 Qc5 15.
Nxc4 b5 16. Ne3 Nxe3 17. Bxe3 Qc7 18. Bd4 Nc5 19. Qe3 Ne6 20. Be2 Bb7 21. O-O
a6 22. h4 Qc6 23. Ne1 Rad8 24. Bf3 Qc8 25. Bxb7 Qxb7 26. Nf3 h6 27. Nh2 Qc8 28.
h5 g5 29. g3 b4 30. Qf3 Qc4 31. b3 Qd5 32. Qe2 Qc6 33. Rf3 a5 34. Rfd3 bxc3 35.
Bxc3 Rxd3 36. Rxd3 a4 37. b4 Rc8 38. Qd2 Qe4 39. Re3 Qc4 40. a3 Rd8 41. Qe2
Qxe2 42. Rxe2 Rd3 43. Rc2 Rxg3+ 44. Kf2 Rh3 45. Nf1 Nc7 46. Bb2 Nb5 47. Ne3
Rh2+ 48. Ng2 Rh1 49. Ne3 Rb1 50. Rc8+ Kh7 51. Nc4 Rh1 52. Rc5 Rh4 53. Rxb5 Rxc4
54. Rc5 Rh4 55. Bc3 Rh2+ 56. Ke1 Ra2 57. b5 Rxa3 58. Kd1 g4 59. Kc2 g3 60. Rc4
g2 61. Rg4 Rb3 62. Rxg2 Rxb5 63. Re2 a3 64. Kd3 e6 65. Ke4 Rb3 66. Bd4 Rh3 67.
Rf2 Kg8 68. Rc2 Rh4+ 69. Kd3 Rxh5 70. Rc8+ Kh7 71. Rc7 Kg6 72. Ke4 Rh4+ 73. Kd3
a2 74. Ra7 Rh2 75. Ke4 h5 76. Kf3 Rd2 77. Ba1 Bh6 78. Kg3 Be3 79. Ra3 Bc5 80.
Ra5 Rc2 81. Ra4 Kg5 82. Kh3 Kf5 83. Kg3 Be3 84. Kf3 Bg5 85. Ra7 Kg6 86. Ra8 Bd2
87. Ke4 Bh6 88. Kf3 Rd2 89. Ke4 h4 90. Ra3 Kh5 91. Bc3 Re2+ 92. Kd3 Rf2 93. Kc4
Kg4 94. Bd4 Rg2 95. Ra8 h3 96. Rh8 Bg5 97. Kb3 h2 98. Bb2 Bh4 0-1

[Event "BCF-ch 92nd"]
[Site "Douglas IOM"]
[Date "2005.08.12"]
[Round "11.4"]
[White "Greet, Andrew"]
[Black "Knott, Simon"]
[Result "1/2-1/2"]
[WhiteElo "2425"]
[BlackElo "2382"]
[PlyCount "61"]
[EventDate "2005.08.01"]

1. d4 Nf6 2. Nf3 g6 3. c4 Bg7 4. Nc3 d5 5. cxd5 Nxd5 6. e4 Nxc3 7. bxc3 c5 8.
Rb1 O-O 9. Be2 Nc6 10. d5 Bxc3+ 11. Bd2 Bxd2+ 12. Qxd2 Na5 13. h4 Bg4 14. Ng5
Bxe2 15. Kxe2 h6 16. h5 hxg5 17. hxg6 Qd6 18. Qxa5 Qxg6 19. f3 b6 20. Qc3 f6
21. a4 Kg7 22. a5 Rh8 23. Rxh8 Kxh8 24. axb6 axb6 25. Rxb6 g4 26. Qxc5 gxf3+
27. Kxf3 Qh5+ 28. Ke3 Qg5+ 29. Kf3 Qh5+ 30. Ke3 Qg5+ 31. Kf3 1/2-1/2

[Event "BCF-ch 92nd"]
[Site "Douglas IOM"]
[Date "2005.08.12"]
[Round "11.6"]
[White "Jessel, Stephen"]
[Black "Ward, Chris"]
[Result "1/2-1/2"]
[WhiteElo "2285"]
[BlackElo "2485"]
[PlyCount "128"]
[EventDate "2005.08.01"]

1. e4 c5 2. Nf3 d6 3. d4 cxd4 4. Nxd4 Nf6 5. Nc3 g6 6. Be3 Bg7 7. f3 Nc6 8. Qd2
O-O 9. O-O-O d5 10. Kb1 Nxd4 11. e5 Nf5 12. exf6 exf6 13. Bc5 d4 14. Nb5 Re8
15. Nxd4 Bh6 16. f4 Nxd4 17. Qxd4 Qxd4 18. Bxd4 Bg4 19. Bb5 Red8 20. Rd3 Be2
21. Bxf6 Bxd3 22. Bxd3 Re8 23. f5 gxf5 24. Bxf5 Re2 25. g4 Rae8 26. a4 Re1+ 27.
Rxe1 Rxe1+ 28. Ka2 Bg7 29. Bd8 Rd1 30. Be7 Be5 31. h4 h5 32. gxh5 Rf1 33. Be4
b6 34. Bg5 f5 35. Bd3 Rf2 36. a5 bxa5 37. Be3 Rf3 38. Bxa7 f4 39. Kb3 Rh3 40.
h6 Rxh4 41. h7+ Kg7 42. Bf2 Rh3 43. Kc4 a4 44. Kb4 Rh2 45. Bc5 f3 46. Kxa4 Bxb2
47. Kb3 Bf6 48. Kc4 Rh4+ 49. Kd5 Rh5+ 50. Kc6 Rh4 51. Kd5 Rh5+ 52. Kc6 Bc3 53.
Be4 Rh6+ 54. Kd5 Rf6 55. Kc4 Rf4 56. Kd3 Be5 57. Bf2 Rf8 58. Ke3 Bc7 59. Bxf3
Bb6+ 60. Ke2 Bxf2 61. Kxf2 Kxh7 62. Ke3 Kg6 63. c4 Kf5 64. Kd4 Ke6 1/2-1/2

[Event "BCF-ch 92nd"]
[Site "Douglas IOM"]
[Date "2005.08.12"]
[Round "11.7"]
[White "Williams, Simon"]
[Black "Mason, Don"]
[Result "1/2-1/2"]
[WhiteElo "2461"]
[BlackElo "2265"]
[PlyCount "21"]
[EventDate "2005.08.01"]

1. e4 e5 2. Nf3 Nc6 3. Bb5 a6 4. Ba4 Nf6 5. d3 d6 6. h3 Be7 7. O-O b5 8. Bb3
Na5 9. c3 Nxb3 10. axb3 O-O 11. b4 1/2-1/2

[Event "BCF-ch 92nd"]
[Site "Douglas IOM"]
[Date "2005.08.12"]
[Round "11.10"]
[White "Rudd, Jack"]
[Black "Storey, Charles"]
[Result "1-0"]
[WhiteElo "2268"]
[BlackElo "2211"]
[PlyCount "115"]
[EventDate "2005.08.01"]

1. e4 g6 2. d4 Bg7 3. c4 c5 4. Nf3 Na6 5. Nc3 d6 6. d5 Bg4 7. Be2 Nf6 8. Bf4
Nd7 9. Qd2 O-O 10. Bh6 Bxh6 11. Qxh6 Bxf3 12. Bxf3 Nb4 13. Qd2 e5 14. a3 Na6
15. O-O Nc7 16. b4 Rb8 17. Bd1 b6 18. Ba4 Nf6 19. Rab1 Nh5 20. g3 a6 21. Bd1
Ng7 22. f4 exf4 23. gxf4 Qe7 24. e5 cxb4 25. Ne4 Nce8 26. Qxb4 Nf5 27. Qc3 f6
28. e6 Qa7 29. Kh1 b5 30. Bg4 Ne3 31. e7 Nxg4 32. exf8=Q+ Kxf8 33. c5 Qf7 34.
Rbd1 Qe7 35. Rde1 Qf7 36. Qf3 Qxd5 37. Qxg4 f5 38. Qg5 Qb7 39. cxd6 Nxd6 40.
Qf6+ Nf7 41. Rf3 Re8 42. Rfe3 Qd5 43. Qxa6 Rxe4 44. Rxe4 fxe4 45. Qc8+ Ke7 46.
Qc2 Nd6 47. Rd1 Qc4 48. Qb2 e3 49. Qe5+ Qe6 50. Rd5 g5 51. Qg7+ Kd8 52. Qxg5+
Kc7 53. Qe5 Qh6 54. Qxe3 Nb7 55. Qe5+ Kc6 56. Rxb5 Nd6 57. Qd5+ Kc7 58. Rc5+
1-0

[Event "BCF-ch 92nd"]
[Site "Douglas IOM"]
[Date "2005.08.12"]
[Round "11.13"]
[White "Rayner, Francis"]
[Black "Nixon, Thomas"]
[Result "1/2-1/2"]
[WhiteElo "2216"]
[BlackElo "2195"]
[PlyCount "38"]
[EventDate "2005.08.01"]

1. e4 e5 2. Nf3 Nc6 3. Bb5 a6 4. Ba4 Nf6 5. O-O Be7 6. Re1 b5 7. Bb3 d6 8. c3
O-O 9. h3 Na5 10. Bc2 c5 11. d4 Qc7 12. d5 Ne8 13. b3 Bd7 14. Nbd2 Bf6 15. Nf1
g6 16. Bh6 Bg7 17. Qd2 Qd8 18. Ng3 Qe7 19. Bxg7 Kxg7 1/2-1/2

[Event "BCF-ch 92nd"]
[Site "Douglas IOM"]
[Date "2005.08.12"]
[Round "11.14"]
[White "Tippleston, Charles"]
[Black "Mitchell, Martin"]
[Result "1/2-1/2"]
[WhiteElo "2203"]
[BlackElo "2172"]
[PlyCount "25"]
[EventDate "2005.08.01"]

1. e4 c5 2. c3 d5 3. exd5 Qxd5 4. d4 Nf6 5. Nf3 Bg4 6. Be2 e6 7. h3 Bh5 8. O-O
Nc6 9. Be3 cxd4 10. cxd4 Bb4 11. a3 Ba5 12. Nc3 Qd6 13. Qb3 1/2-1/2

[Event "BCF-ch 92nd"]
[Site "Douglas IOM"]
[Date "2005.08.12"]
[Round "11.15"]
[White "Hall, Daniel J"]
[Black "Dignam, Matthew P"]
[Result "1-0"]
[WhiteElo "2036"]
[BlackElo "2194"]
[PlyCount "97"]
[EventDate "2005.08.01"]

1. e4 d6 2. d4 Nf6 3. Bd3 e5 4. c3 Be7 5. f4 O-O 6. Nf3 exd4 7. cxd4 c5 8. d5
c4 9. Bc2 Qb6 10. Qe2 Na6 11. Nbd2 Nb4 12. Nxc4 Qc7 13. Bb3 a5 14. Bd2 b5 15.
Na3 Ba6 16. O-O Rfe8 17. Rac1 Qa7+ 18. Kh1 Bf8 19. e5 Nbxd5 20. Qd1 b4 21. exf6
Be2 22. Qc2 Bxf1 23. Bxd5 Qf2 24. Ng5 g6 25. Qd1 Ra7 26. Nb1 Bd3 27. Bxf7+ Rxf7
28. Qb3 Qa7 29. Nxf7 Qxf7 30. Qxd3 Qxf6 31. a3 Qxb2 32. Qc2 Bg7 33. axb4 a4 34.
h3 a3 35. Bc3 Bxc3 36. Qxc3 Re4 37. Qxa3 Qxb4 38. Qxb4 Rxb4 39. Kh2 Rxf4 40.
Rd1 Rf6 41. Nc3 Kf7 42. Ne4 Rf4 43. Nxd6+ Ke6 44. Nb5 Rb4 45. Nd4+ Kf6 46. Nf3
h5 47. Kg3 Ra4 48. Rd6+ Kg7 49. Ne5 1-0

[Event "BCF-ch 92nd"]
[Site "Douglas IOM"]
[Date "2005.08.12"]
[Round "11.16"]
[White "Eggleston, David"]
[Black "Surtees, Mike"]
[Result "1/2-1/2"]
[WhiteElo "2138"]
[BlackElo "2142"]
[PlyCount "47"]
[EventDate "2005.08.01"]

1. e4 c6 2. Nf3 d5 3. exd5 cxd5 4. Ne5 a6 5. d4 g6 6. c4 f6 7. Nf3 e6 8. Nc3
Nc6 9. Be2 Bb4 10. O-O Nge7 11. Bf4 h6 12. a3 Bd6 13. Bxd6 Qxd6 14. b4 g5 15.
cxd5 exd5 16. b5 axb5 17. Nxb5 Qd8 18. Ne1 O-O 19. f4 Kg7 20. fxg5 hxg5 21. Bd3
Qb6 22. Nc2 Ne5 23. a4 Nxd3 24. Qxd3 1/2-1/2

[Event "BCF-ch 92nd"]
[Site "Douglas IOM"]
[Date "2005.08.12"]
[Round "11.17"]
[White "Eggleston, Thomas"]
[Black "Stone, Andrew"]
[Result "1/2-1/2"]
[WhiteElo "2166"]
[BlackElo "2265"]
[PlyCount "35"]
[EventDate "2005.08.01"]

1. e4 e6 2. d4 d5 3. Nc3 Nf6 4. e5 Nfd7 5. f4 c5 6. Nce2 Nc6 7. c3 Qa5 8. Nf3
Be7 9. dxc5 Qxc5 10. Ned4 O-O 11. Bd3 Nxd4 12. cxd4 Qb6 13. O-O f5 14. Kh1 Nb8
15. Rg1 Nc6 16. Bb1 Bd7 17. g4 Be8 18. h3 1/2-1/2

[Event "BCF-ch 92nd"]
[Site "Douglas IOM"]
[Date "2005.08.12"]
[Round "11.18"]
[White "De Coverly, Roger"]
[Black "Bonafont, Philip"]
[Result "1/2-1/2"]
[WhiteElo "2086"]
[BlackElo "2116"]
[PlyCount "72"]
[EventDate "2005.08.01"]

1. Nf3 c5 2. c4 Nc6 3. d4 cxd4 4. Nxd4 Nf6 5. Nc3 d6 6. g3 g6 7. Bg2 Nxd4 8.
Qxd4 Bg7 9. O-O O-O 10. Qd2 Qc7 11. b3 a6 12. Bb2 Bd7 13. Rac1 Rac8 14. Rfd1
Qb8 15. Nd5 Nxd5 16. Bxg7 Kxg7 17. Qxd5 Bc6 18. Qd4+ Kg8 19. h4 h5 20. Qe3 Qc7
21. Bxc6 bxc6 22. Qg5 c5 23. g4 hxg4 24. h5 Kg7 25. Rd3 Rh8 26. hxg6 fxg6 27.
Qxg4 Rcf8 28. Rcc3 Qc8 29. Qe4 Qf5 30. Qxe7+ Rf7 31. Qe3 Qg4+ 32. Qg3 Qxe2 33.
Qe3 Qg4+ 34. Qg3 Qe2 35. Qe3 Qg4+ 36. Qg3 Qe2 1/2-1/2

[Event "BCF-ch 92nd"]
[Site "Douglas IOM"]
[Date "2005.08.12"]
[Round "11.19"]
[White "Pym, Thomas"]
[Black "Chaplin, Peter"]
[Result "1-0"]
[WhiteElo "2099"]
[BlackElo "2062"]
[PlyCount "55"]
[EventDate "2005.08.01"]

1. e4 c5 2. Nf3 e6 3. d4 cxd4 4. Nxd4 Nf6 5. Nc3 d6 6. Be3 Be7 7. Be2 a6 8. a4
Nc6 9. O-O O-O 10. f4 Qc7 11. Nb3 b6 12. g4 Rb8 13. g5 Nd7 14. Qe1 Na5 15. Nxa5
bxa5 16. f5 Rxb2 17. f6 Bd8 18. Ra3 Ne5 19. Qh4 Rxc2 20. Bd4 Ng6 21. Qh5 e5 22.
fxg7 exd4 23. Nd5 Qc5 24. gxf8=Q+ Kxf8 25. Rxf7+ Kxf7 26. Qxh7+ Ke8 27. Qxg6+
Kd7 28. Qf5+ 1-0

[Event "BCF-ch 92nd"]
[Site "Douglas IOM"]
[Date "2005.08.12"]
[Round "11.20"]
[White "Fraser, Joseph"]
[Black "McDonnell, James"]
[Result "1-0"]
[WhiteElo "1959"]
[BlackElo "2054"]
[PlyCount "47"]
[EventDate "2005.08.01"]

1. e4 c5 2. Nf3 Nc6 3. d4 cxd4 4. Nxd4 Nf6 5. Nc3 d6 6. Be2 e6 7. Be3 Be7 8. f4
Qc7 9. O-O O-O 10. Bf3 a6 11. a4 Bd7 12. Nxc6 Bxc6 13. a5 Nd7 14. Qe1 Bf6 15.
g4 Rac8 16. g5 Be7 17. Qg3 f5 18. exf5 exf5 19. Nd5 Bxd5 20. Bxd5+ Kh8 21. c4
Nc5 22. Bd4 Rce8 23. Qh3 Bd8 24. g6 1-0

[Event "BCF-ch 92nd"]
[Site "Douglas IOM"]
[Date "2005.08.12"]
[Round "11.22"]
[White "Waters, Michael"]
[Black "Ilett, Raymond"]
[Result "0-1"]
[WhiteElo "2125"]
[BlackElo "1824"]
[PlyCount "120"]
[EventDate "2005.08.01"]

1. c4 Nf6 2. Nc3 e6 3. g3 d5 4. d4 c6 5. Bg2 dxc4 6. e4 b5 7. a4 b4 8. Nb1 Nbd7
9. Be3 a5 10. Nd2 Ba6 11. Rc1 Nb6 12. Bf1 c3 13. bxc3 Bxf1 14. Kxf1 bxc3 15.
Rxc3 Bb4 16. Rxc6 Bxd2 17. Qxd2 Nxe4 18. Qd3 Nf6 19. Qb5 Nbd7 20. Nf3 O-O 21.
Kg2 Rb8 22. Qd3 Nd5 23. Bg5 N7f6 24. Rc5 Rc8 25. Rhc1 Qd7 26. Rxa5 Ra8 27. Rcc5
Rxa5 28. Rxa5 Rb8 29. Rb5 Rxb5 30. Qxb5 Qxb5 31. axb5 Ne4 32. Bd8 Nd6 33. b6
Kf8 34. Ne5 Nb7 35. Bc7 Ke7 36. Kf3 f6 37. Nd3 g5 38. Nc5 Nxc5 39. dxc5 Nxc7
40. c6 Na6 41. Kg4 Nb4 42. c7 Kd7 43. Kh5 Nd5 44. Kh6 Nxb6 45. Kxh7 Kxc7 46.
Kg6 Nd5 47. h4 gxh4 48. gxh4 Kd6 49. Kf7 Ke5 50. h5 Nf4 51. h6 Kf5 52. h7 Ng6
53. Kg7 e5 54. Kh6 e4 55. Kh5 Nh8 56. Kh6 Ke6 57. Kg7 Nf7 58. Kg6 f5 59. Kh5
Kf6 60. Kh4 Kg7 0-1

[Event "BCF-ch 92nd"]
[Site "Douglas IOM"]
[Date "2005.08.12"]
[Round "11.23"]
[White "Varnam, Liam"]
[Black "Taylor, Geoffrey"]
[Result "1-0"]
[WhiteElo "2088"]
[BlackElo "2135"]
[PlyCount "95"]
[EventDate "2005.08.01"]

1. e4 c5 2. Nc3 Nc6 3. g3 g6 4. Bg2 Bg7 5. Nge2 e6 6. O-O Nge7 7. d3 O-O 8. Be3
Nd4 9. Qd2 d6 10. f4 Rb8 11. Nd1 f5 12. c3 Nxe2+ 13. Qxe2 fxe4 14. dxe4 b6 15.
Nf2 a5 16. Rfd1 Qc7 17. Rd2 a4 18. a3 Nc6 19. Rad1 Rd8 20. f5 Qe7 21. fxg6 hxg6
22. Ng4 Na5 23. h4 Nb3 24. Bg5 Qf8 25. Rf1 Qe8 26. Bxd8 Nxd2 27. Qxd2 Qxd8 28.
Nh6+ Kh7 29. Nf7 Qe7 30. Ng5+ Kg8 31. Rf7 Qd8 32. e5 Bxe5 33. Qd3 Qxg5 34. hxg5
Kxf7 35. Be4 Ke7 36. Bxg6 Bb7 37. Bh5 Rg8 38. g6 Bd5 39. Qa6 Kf6 40. Qf1+ Kg5
41. g4 Bf4 42. Qb5 Be3+ 43. Kf1 c4 44. Qd7 Rf8+ 45. Ke2 Bc1 46. Qe7+ Rf6 47. g7
e5 48. g8=Q+ 1-0